000 00662nam a2200277Ia 4500
005 20260324144841.0
008 008 260324s9999 xx 000 0 eng d
020 _a9780203407608
037 _aEBOOK
040 _aCRL
040 _beng
040 _cCRL
041 _2eng
041 _aeng
084 _qCRL
100 _aJ.C Mardrus; E.P Mathers
_91220841
245 4 _aThe Book of the Thousand and one Nights. Volume 1
260 _bTaylor and Francis
260 _c1986
365 _a
365 _b205
856 _uhttp://www.taylorfrancis.com/books/9780203407608
942 _cEBOOK
999 _c1827978
_d1827978